Associe le pilote F1 au bon pays ! #1 - Statistiques

Statistiques générales
  • Ce quiz a été pris 182 fois
  • Le résultat moyen est 10 sur 15
Statistiques - réponses
Hint Réponse % Correct
Charles Leclerc Monaco
89%
Lewis Hamilton Royaume-Uni
89%
Takuma Sato Japon
88%
Jos Verstappen Pays-Bas
87%
Gianni Morbidelli Italie
83%
Sebastian Vettel Allemagne
82%
Jose-Froilan Gonzalez Argentine
68%
Niki Lauda Autriche
65%
Daniil Kvyat Russie
62%
Charles Pic France
57%
Tiago Monteiro Portugal
57%
Gunnar Nilsson Suède
51%
Jody Scheckter Afrique du Sud
48%
Eric van de Poele Belgique
48%
Clay Regazzoni Suisse
25%
Aucun quiz correspondant
Distribution des résultats
% des personnes avec chaque résultat
Percentile par nombre de réponses
Votre historique - résultats
Vous n’avez pas pris ce quiz